|
|
|
|
| LEADER |
02153nam a2200361 a 4500 |
| 001 |
14674274 |
| 008 |
120109s2006 pk b 001 0 eng d |
| 010 |
|
|
|a 2006299918
|
| 040 |
|
|
|a ZHL
|c ZHL
|d ZHL
|d BAKER
|d YDXCP
|d DLC
|d BD-DhAAL
|
| 020 |
|
|
|a 0195979028
|
| 020 |
|
|
|a 9780195979022
|
| 042 |
|
|
|a lccopycat
|
| 043 |
|
|
|a a-pk---
|
| 050 |
0 |
0 |
|a HV6250.4.W65
|b K483 2006
|
| 082 |
0 |
4 |
|a 364.1508209
|2 22
|
| 100 |
1 |
|
|a Khan, Tahira S.
|
| 245 |
1 |
0 |
|a Beyond honour :
|b a historical materialist explanation of honour related violence /
|c Tahira S. Khan.
|
| 260 |
|
|
|a Karachi ;
|a New York :
|b Oxford University Press,
|c 2006.
|
| 300 |
|
|
|a xxiii, 361 p. ;
|c 23 cm.
|
| 504 |
|
|
|a Includes bibliographical references and index.
|
| 541 |
|
|
|e 00024186
|
| 505 |
0 |
|
|a Honour/passion related violence: locating the kinds and contexts -- Honour, passion and violence: redefining terms, actors and mechanism -- Construction of female sexuality: religious roots -- Challenge of sexual transgression: ancient and modern legal responses -- Pakistan scenario: who suffers? -- Economics determine boundaries -- Love transgresses boundaries -- Society guards boundaries -- Legal system favours perpetrators of violence -- Politics respond to vested interests -- Is there hope for tomorrow?
|
| 650 |
|
0 |
|a Muslim women
|x Violence against.
|
| 650 |
|
0 |
|a Muslim women
|x Crimes against.
|
| 650 |
|
0 |
|a Muslim women
|x Violence against
|z Pakistan.
|
| 650 |
|
0 |
|a Muslim women
|x Crimes against
|z Pakistan.
|
| 650 |
|
0 |
|a Women's rights
|z Islamic countries.
|
| 650 |
|
0 |
|a Sex discrimination against women
|z Islamic countries.
|
| 852 |
1 |
|
|a James P Grant School of Public Health
|c General Shelf.
|
| 999 |
|
|
|c 11741
|d 11741
|
| 952 |
|
|
|0 0
|1 0
|2 ddc
|4 0
|6 364_150820900000000_KHA
|7 0
|9 19092
|a JPGSPH
|b JPGSPH
|c GEN
|d 2012-01-09
|l 0
|o 364.1508209 KHA
|p 3060024186
|r 2012-01-09
|t 1
|w 2012-01-09
|y BK
|
| 952 |
|
|
|0 0
|1 0
|2 ddc
|4 0
|6 364_150820900000000_KHA
|7 0
|9 19094
|a JPGSPH
|b JPGSPH
|c GEN
|d 2012-01-09
|l 0
|o 364.1508209 KHA
|p 3060024187
|r 2012-01-09
|t 2
|w 2012-01-09
|y BK
|
| 952 |
|
|
|0 0
|1 0
|2 ddc
|4 0
|6 364_150820900000000_KHA
|7 0
|9 19095
|a JPGSPH
|b JPGSPH
|c GEN
|d 2012-01-09
|l 0
|o 364.1508209 KHA
|p 3060024188
|r 2012-01-09
|t 3
|w 2012-01-09
|y BK
|